00299 2200121 4500245006700000250001100067100002300078650001600101005001900117260001800136041001400154336000900168 aLAPORAN KARYA SISWAb : LIDAH BUAYAcRAKHA ADI PRASETYAhText aCet. 1 aRAKHA ADI PRASETYA aKarya Siswa a20240829120308 aJakartac2024 aIndonesia atext